000 00501pam a2200157a 44500
008 230515b2012 xxu||||| |||| 00| 0 eng d
020 _aNULL
041 _aENGLISH
082 _aNULL
100 _aRICE E W, BAIRD R B, EATON A D, CLESCERI L S
245 _aSTANDARD METHODS FOR THE EXAMINATION OF WATER AND WASTEWATER
250 _a22ND
260 _aWASHINGTON
_bA.P.H. PUBLISHING CORPORATION
_c2012
300 _aXXX.175
650 _aSTANDARD METHODS FOR THE EXAMINATION OF WATER AND WASTEWATER
999 _c567937
_d567937